• 首页
  • 本馆介绍
  • 公告通知
  • 最新文献
  • 馆藏检索
  • 电子资源
  • 读者导购
  • 参考咨询
  • 我的图书馆
  • 登录
  • 详细信息显示
  • 放入我的书架
  • 预约/预借图书
  • 作者相关作品
  • 分类相关作品
  • 丛书相关作品
  • 出版社相关作品

书目信息

  • 表格格式
  • 工作单格式
  • 卡片格式
题名:
宋代社会生活研究
    
 
作者: 游君彦 , 姜莉 著
分册:  
出版信息: 成都   四川大学出版社  2019.09
页数: 162页
开本: 21cm
丛书名:
单 册:
中图分类: TU986.62 , D691.91
科图分类:
主题词: 庭院--ting yuan--研究--中国--宋代 , 婚姻--hun yin--研究--中国--宋代
电子资源:
ISBN: 978-7-5690-1768-7
000 00840nam0 2200265 450
001 0106081735
005 20201106082042.0
010    @a978-7-5690-1768-7@dCNY32.00
100    @a20200106d2019 em y0chiy50 ea
101 0  @achi
102    @aCN@b510000
105    @ay z 000yy
106    @ar
200 1  @a宋代社会生活研究@Asong dai she hui sheng huo yan jiu@e以园林与婚姻为例@f游君彦, 姜莉著
210    @a成都@c四川大学出版社@d2019.09
215    @a162页@d21cm
330    @a本书主要分为两篇;上篇庭院与宋代社会生活;下篇婚姻与宋代社会生活。
606 0  @a庭院@Ating yuan@x研究@y中国@z宋代
606 0  @a婚姻@Ahun yin@x研究@y中国@z宋代
690    @aTU986.62@v5
690    @aD691.91@v5
701  0 @a游君彦@Ayou jun yan@4著
701  0 @a姜莉@Ajiang li@4著
801  0 @aCN@bBJSZM@c20201106
905    @b1190308-11@dTU986.62@e1635@f4
    
    宋代社会生活研究:以园林与婚姻为例/游君彦, 姜莉著.-成都:四川大学出版社,2019.09
    162页;21cm
    
    
    ISBN 978-7-5690-1768-7:CNY32.00
    本书主要分为两篇;上篇庭院与宋代社会生活;下篇婚姻与宋代社会生活。
●
相关链接 在E读中查询图书 在五车中查询图书 在当当中查询图书 在豆瓣中查询图书


正题名:宋代社会生活研究     索取号:TU986.62/1635         预约/预借

序号 登录号 条形码 馆藏地/架位号 状态 备注
1 1190308   211903083   第二样本阅览室/ [索取号:TU986.62/1635] 在馆    
2 1190309   211903092   第三借阅区/ [索取号:TU986.62/1635] 在馆    
3 1190310   211903109   第三借阅区/ [索取号:TU986.62/1635] 在馆    
4 1190311   211903118   第三借阅区/ [索取号:TU986.62/1635] 在馆    
唐山师范学院图书馆 欢迎您!
大连网信软件有限公司© 版权所有